000 00665nam a22002177a 4500
003 UA-OsUOA
001 74835
007 ta
008 20110418b un ||||| |||| 00| 0 ukr d
100 _aГершкович Я.П.
090 _a902
_bГ42
942 _cSA
040 _aUA-OsUOA
_bukr
_cUA-OsUOA
_dUA-OsUOA
245 _aСпадщина Коркута в половецькому середовищі Північного Причорномор'я
300 _aС.40-51
955 _a0
041 _aukr
080 _a902
773 0 _w74830
_tАрхеологія
_dК.
_d2011
_g1
650 7 _a9 Географія. Біографії. Історія
_2UDC
999 _c361131
_d361131